书目信息 |
| 题名: |
湖北省主要林业有害昆虫生态图鉴
|
|
| 作者: | 戴丽 主编 | |
| 分册: | ||
| 出版信息: | 武汉 华中科技大学出版社 2021.05 |
|
| 页数: | 107页 | |
| 开本: | 30cm | |
| 丛书名: | ||
| 单 册: | ||
| 中图分类: | S763.3-64 | |
| 科图分类: | ||
| 主题词: | 森林害虫--sen lin hai chong--湖北--图解 | |
| 电子资源: | ||
| ISBN: | 978-7-5680-6852-9 | |
| 000 | 01220nam0 2200229 450 | |
| 001 | CAL 0120217320732 | |
| 005 | 20230217093112.0 | |
| 010 | @a978-7-5680-6852-9@b精装@dCNY259.00 | |
| 100 | @a20211210d2021 em y0chiy0120 ea | |
| 101 | 0 | @achi |
| 102 | @aCN@b420000 | |
| 105 | @aa z 000yy | |
| 106 | @ar | |
| 200 | 1 | @a湖北省主要林业有害昆虫生态图鉴@Ahu bei sheng zhu yao lin ye you hai kun chong sheng tai tu jian@f主编戴丽 |
| 210 | @a武汉@c华中科技大学出版社@d2021.05 | |
| 215 | @a107页@c彩图@d30cm | |
| 330 | @a本书收录了湖北省有害昆虫的真实面貌, 配有生态标本或照片500余幅, 是湖北省采用彩色生态照片记录有害昆虫的有影响力的著作。使用者可通过书中的彩色照片快捷找到有害昆虫的具体种类, 分布情况, 乃至生物学特征和防治方法等。此图鉴在有害昆虫鉴别和防治方面具有较强的专业性和指导性, 是湖北省林业保护工作者, 林业经营公司与广大林农的应用工具书。具体包括介绍了茶树芽叶咀食性害虫、茶树吸汁性害虫、茶树枝干与茶籽钻蛀性害虫、地下害虫等百余种茶树害虫的分布、危害和形态识别, 生物学特性、发生与环境的关系, 虫情预测、生态控制与无公害防治。 | |
| 606 | 0 | @a森林害虫@Asen lin hai chong@y湖北@j图解 |
| 690 | @aS763.3-64@v5 | |
| 701 | 0 | @a戴丽@Adai li@4主编 |
| 801 | 0 | @aCN@bBJXHZP@c20230228 |
| 905 | @b1408145-6@dS763.3-64@e169@f2 | |
| 湖北省主要林业有害昆虫生态图鉴/主编戴丽.-武汉:华中科技大学出版社,2021.05 |
| 107页:彩图;30cm |
| ISBN 978-7-5680-6852-9(精装):CNY259.00 |
| 本书收录了湖北省有害昆虫的真实面貌, 配有生态标本或照片500余幅, 是湖北省采用彩色生态照片记录有害昆虫的有影响力的著作。使用者可通过书中的彩色照片快捷找到有害昆虫的具体种类, 分布情况, 乃至生物学特征和防治方法等。此图鉴在有害昆虫鉴别和防治方面具有较强的专业性和指导性, 是湖北省林业保护工作者, 林业经营公司与广大林农的应用工具书。具体包括介绍了茶树芽叶咀食性害虫、茶树吸汁性害虫、茶树枝干与茶籽钻蛀性害虫、地下害虫等百余种茶树害虫的分布、危害和形态识别, 生物学特性、发生与环境的关系, 虫情预测、生态控制与无公害防治。 |
| ● |
| 相关链接 |
|
|
|
|
正题名:湖北省主要林业有害昆虫生态图鉴
索取号:S763.3-64/169
 
预约/预借
| 序号 | 登录号 | 条形码 | 馆藏地/架位号 | 状态 | 备注 |
| 1 | 1408145 | 214081456 | 第二样本阅览室/ [索取号:S763.3-64/169] | 在馆 | |
| 2 | 1408146 | 214081465 | 第三借阅区/ [索取号:S763.3-64/169] | 在馆 |